00814nam a2200265Ia 450000100060000000300090000600800410001504000130005604000130006904100130008210000190009510000290011424500640014324500350020725000110024226000110025326000150026426000490027930000550032850000580038365000250044165000310046670000220049770000290051972128IT-RoPAU130308s9999 xx 000 0 und d aIT-RoPAU cIT-RoPAU aITALIANO aDelera Roberto gCodice Aut. SPICS: 34493 aDue o tre cose che so di lei-Intervista a Maurizio Nichetti bIndustria Dello spot (L')-1988 a1a ed. aMILANO bComunicare c1988 [1° Ed.:1988 - Ed.Ling.Originale:1988] a"4 p. (prefazione: no ; testo: 4 [pagine: 17-20])" aIntervista Sul regista pubblicitario . Cinema e Spot. aSAGGI DI PUBBLICITA' eCodice materia Spics: 6211 aNichetti Maurizio gCodice Aut. SPICS: 13328